书目信息 |
| 题名: |
孩子啊,你将会是有钱人
|
|
| 作者: | 费伦提诺 著 ;陈蓁美 译 | |
| 分册: | ||
| 出版信息: | 北京 中信出版社 2009.07 |
|
| 页数: | 169页 | |
| 开本: | 21cm | |
| 丛书名: | ||
| 单 册: | ||
| 中图分类: | G78 | |
| 科图分类: | ||
| 主题词: | 家庭教育 | |
| 电子资源: | ||
| ISBN: | 978-7-5086-1563-9 | |
| 000 | 01016nam0 2200253 450 | |
| 001 | 012010609795 | |
| 005 | 20100608101508.90 | |
| 009 | 012004371467 | |
| 010 | @a978-7-5086-1563-9@dCNY22.00 | |
| 100 | @a20100515d2009 em y0chiy0110 ea | |
| 101 | 1 | @achi@cfre |
| 102 | @aCN@b110000 | |
| 105 | @aa z 000yy | |
| 200 | 1 | @a孩子啊,你将会是有钱人@Ahai zi a , ni jiang hui shi you qian ren@dTu seras un homme riche mon fils@f(法) 马克·费伦提诺著@F(fa)ma ke·fei lun ti nuo zhu@g陈蓁美译@zfre |
| 210 | @a北京@c中信出版社@d2009.07 | |
| 215 | @a169页@c图@d21cm | |
| 330 | @a本书主要介绍银行家老爸给高中毕业的儿子上了一系列精彩的金钱课程,以亲身体验和理财致富的经历,帮助儿子实现未来成为有钱人的梦想。书中告诉孩子正确的金钱态度和赚钱致富的法则,极具启发性。 | |
| 500 | 10 | @aTu seras un homme riche mon fils@mChinese |
| 606 | 0 | @a家庭教育 |
| 690 | @aG78@v4 | |
| 701 | 1 | @a费伦提诺@Afei lun ti nuo@g(Fiorentino, Marc)@4著 |
| 702 | 0 | @a陈蓁美@Achen zhen mei@4译 |
| 801 | 0 | @aCN@c20100515 |
| 905 | @dG78@eF350@f3 | |
| 孩子啊,你将会是有钱人=Tu seras un homme riche mon fils/(法) 马克·费伦提诺著/陈蓁美译.-北京:中信出版社,2009.07 |
| 169页:图;21cm |
| ISBN 978-7-5086-1563-9:CNY22.00 |
| 本书主要介绍银行家老爸给高中毕业的儿子上了一系列精彩的金钱课程,以亲身体验和理财致富的经历,帮助儿子实现未来成为有钱人的梦想。书中告诉孩子正确的金钱态度和赚钱致富的法则,极具启发性。 |
| ● |
| 相关链接 |
|
|
|
正题名:孩子啊,你将会是有钱人
索取号:G78/F350
 
预约/预借
| 序号 | 登录号 | 条形码 | 馆藏地/架位号 | 状态 | 备注 |